[Event "AZE-ch (Women)"]
[Site "Baku"]
[Date "2019.02.08"]
[Round "5"]
[White "Hajiyeva, Laman"]
[Black "Hajiyeva, Altunay"]
[Result "1-0"]
[WhiteElo "2040"]
[BlackElo "1315"]
[PlyCount "73"]
[EventDate "2019.02.04"]
[EventType "swiss"]
[EventRounds "9"]
[EventCountry "AZE"]
[SourceTitle "CBM 188 Extra"]
[Source "ChessBase"]
[SourceDate "2019.02.26"]
[SourceVersion "1"]
[SourceVersionDate "2019.02.26"]
[SourceQuality "1"]

1. d4 d5 2. c4 c6 3. Nf3 Nf6 4. e3 e6 5. Nbd2 Bd6 6. Bd3 h6 7. 0-0 Nbd7 8. e4 dxe4 9. Nxe4 Nxe4 10. Bxe4 f5 11. Bc2 0-0 12. Re1 Qf6 13. c5 Bc7 14. Rxe6 Qd8 15. Bb3 Kh7 16. Ng5+ Kh8 17. Re1 Ne5 18. dxe5 Qxd1 19. Bxd1 hxg5 20. Bxg5 Be6 21. Bb3 Rfe8 22. f4 a5 23. Bxe6 Rxe6 24. Rad1 a4 25. Rd7 Ba5 26. Red1 b5 27. a3 b4 28. Rb7 bxa3 29. bxa3 Bc3 30. Rd3 Ba5 31. Rdd7 Rg8 32. Ra7 Bc3 33. Rd3 Ba1 34. Rh3+ Rh6 35. Bxh6 Bd4+ 36. Kf1 gxh6 37. Rxh6# 1-0

[Event "AZE-ch (Women)"]
[Site "Baku"]
[Date "2019.02.04"]
[Round "1"]
[White "Allahverdiyeva, Ayan"]
[Black "Hajiyeva, Altunay"]
[Result "1-0"]
[WhiteElo "2051"]
[BlackElo "1315"]
[PlyCount "149"]
[EventDate "2019.02.04"]
[EventType "swiss"]
[EventRounds "9"]
[EventCountry "AZE"]
[SourceTitle "CBM 188 Extra"]
[Source "ChessBase"]
[SourceDate "2019.02.26"]
[SourceVersion "1"]
[SourceVersionDate "2019.02.26"]
[SourceQuality "1"]

1. e4 e5 2. Nf3 Nc6 3. Bb5 a6 4. Ba4 Nf6 5. d3 d6 6. 0-0 b5 7. Bb3 Na5 8. Nc3 h6 9. Re1 c6 10. d4 Qc7 11. a4 Nxb3 12. cxb3 b4 13. Nb1 a5 14. Qc2 Be7 15. dxe5 dxe5 16. Nxe5 Bb7 17. Nd3 c5 18. Bf4 Qb6 19. Nd2 0-0 20. Ne5 Qe6 21. Nec4 Rfd8 22. f3 Ne8 23. e5 Ba6 24. Nd6 Qd5 25. Qe4 Qxe4 26. N2xe4 Bxd6 27. exd6 c4 28. Nc5 Nxd6 29. Rad1 Nb7 30. Rxd8+ Nxd8 31. Nxa6 Rxa6 32. Re8+ Kh7 33. Rxd8 Rc6 34. bxc4 Rxc4 35. Bd2 Rc2 36. b3 Rb2 37. Rd3 Rc2 38. Kf2 Rc5 39. Rd6 Rc2 40. Ke3 Rb2 41. Rd3 Rc2 42. Ke4 Rc6 43. Rd5 Rc2 44. Kd3 Rb2 45. Kc4 Rb1 46. Rxa5 Rg1 47. Bxb4 Rxg2 48. Rh5 Rg6 49. a5 Rf6 50. Bc3 Rxf3 51. a6 Re3 52. a7 Re8 53. Ra5 Ra8 54. Kb5 f5 55. Kb6 f4 56. Kb7 Rf8 57. a8Q Rxa8 58. Kxa8 g5 59. Rf5 Kg6 60. Rf6+ Kh5 61. h3 Kh4 62. Rxh6+ Kg3 63. Rh5 f3 64. Rxg5+ Kxh3 65. Rf5 Kg4 66. Rf8 Kg3 67. Bd4 Kg2 68. b4 f2 69. Rxf2+ Kg3 70. b5 Kg4 71. b6 Kg5 72. b7 Kg4 73. b8Q Kg5 74. Qg3+ Kh5 75. Rh2# 1-0